An introduction to intersection homology theory

Αποθηκεύτηκε σε:
Λεπτομέρειες βιβλιογραφικής εγγραφής
Κύριος συγγραφέας: Kirwan, Frances Clare 1959-
Μορφή: Βιβλίο
Γλώσσα:English
Δημοσίευση: Harlow, Essex England : Longman, 1993
Έκδοση:1st ed., Repr.
Σειρά:Pitman research notes in mathematics series ; ; 187
Θέματα:
Ετικέτες: Προσθήκη ετικέτας
Δεν υπάρχουν, Καταχωρήστε ετικέτα πρώτοι!

MARC

LEADER 00000nam a2200000 i 4500
001 1/38663
008 941103s1993 eng d
020 |a 0-582-02879-5 
035 |a 1993  |l 10040821 
040 |a GR-MY-UA  |b gre  |e aacr 
041 0 |a eng 
082 0 |a 514.23 
100 1 |a Kirwan, Frances Clare  |d 1959- 
245 1 3 |a An introduction to intersection homology theory /  |c Frances Kirwan 
250 |a 1st ed., Repr. 
260 |a Harlow, Essex England :   |b Longman,   |c 1993 
300 |a 169 p.;  |c 24 cm. 
490 1 |a Pitman research notes in mathematics series  |v ; 187 
500 |a Includes bibliographical refernces and index 
650 0 0 |a Homology theory. 
650 0 0 |a Intersection theory. 
830 0 |a Pitman research notes in mathematics series ;  |v ; 187 
852 |a INST  |b SAMOS  |e 19941103  |h 514.23 KIR  |p 005300007235  |q 005300007235  |t BK  |y 0 
909 |a Σ  |b 030570